Is It Kosher (Can Jews Eat It)? - Statistics

General Stats
  • This quiz has been taken 241 times
  • The average score is 10 of 15
Answer Stats
Question Answer % Correct
Pig No
98%
Cow Yes
93%
Salmon Yes
88%
Goat Yes
85%
Bat No
84%
Sheep Yes
84%
Chameleon No
81%
Raven No
76%
Camel No
69%
Deer Yes
65%
Shark No
62%
Rabbit No
57%
Swan No
50%
Locust Yes
35%
Beetle Yes
21%
No matching quizzes found
Score Distribution
Percent of People with Each Score
Percentile by Number Answered
Your Score History
You have not taken this quiz